000
00261nam a2200109Ia 4500
008
200302s9999 xx 000 0 und d
100
_a
Fiona & Keith Baker
245
_a
20th Century Furniture
260
_b
Carlton Books Lid.
260
_c
2000
300
_a
256 P.,
999
_c
2080
_d
2080